000 01085nam0a22002651 4500
001 rc\2194323
005 20110829164424.9
035 _a(NLR Aleph) 006485206
090 _a6075042
_c6075042
100 _a20110829d1979 |||y0rusy50 ca
101 0 _arus
102 _aRU
105 _aa z |||||
200 1 _aМетодические рекомендации по решению задач по математике
_fЛенингр. политехн. ин-т им. М.И. Калинина (Псков. фил.)
_g[В.А. Андреев, А.Д. Иванов, С.В. Игнатьева и др.]
210 _aПсков
_cБ. и.
_d1979
215 _a95 с.
_cил.
_d21
701 1 _aИванов
_bА. Д.
701 1 _aИгнатьева
_bС. В.
701 1 _aАндреев
_bВ. А.
712 0 2 _aЛенинградский политехнический институт им. М. И. Калинина
_bПсковский филиал
_3RU\NLR\AUTH\889934330
801 0 _aRU
_bNLR
_gpsbo
801 1 _aRU
_bELAR
_2rusmarc
852 _aNLR
_j79-6/2380
942 _cBOOK
980 _aNB